| 000 | 00406nam a2200157Ia 4500 | ||
|---|---|---|---|
| 008 | 230524s9999 xx 000 0 und d | ||
| 082 |
_a621.38 _bRAO |
||
| 100 | _aSunil S.Rao | ||
| 245 | 0 | _aUtilisation Generation & Conservation of Electrical Engineering | |
| 250 | _a1ST | ||
| 260 |
_aNEW DELHI _bKhanna _c2005 |
||
| 300 | _a711 | ||
| 500 | _aQuantity Number: 2 | ||
| 650 | _aElectrical | ||
| 942 | _cBK | ||
| 999 |
_c26182 _d26182 |
||